Operations Now (Record no. 41934)
[ view plain ]
| 000 -LEADER | |
|---|---|
| fixed length control field | 00361nam a2200157Ia 4500 |
| 008 - FIXED-LENGTH DATA ELEMENTS--GENERAL INFORMATION | |
| fixed length control field | 230524s9999 xx 000 0 und d |
| 082 ## - DEWEY DECIMAL CLASSIFICATION NUMBER | |
| Classification number | 658.45 |
| Item number | FIN |
| 100 ## - MAIN ENTRY--AUTHOR NAME | |
| Personal name | Byron J Finch |
| 245 #0 - TITLE STATEMENT | |
| Title | Operations Now |
| 250 ## - EDITION STATEMENT | |
| Edition statement | 3RD |
| 260 ## - PUBLICATION, DISTRIBUTION, ETC. (IMPRINT) | |
| Place of publication | NEW DELHI |
| Name of publisher | TMH |
| Year of publication | 2008 |
| 300 ## - PHYSICAL DESCRIPTION | |
| Number of Pages | XXX;760 |
| 500 ## - GENERAL NOTE | |
| General note | Quantity Number: 5 |
| 650 ## - SUBJECT ADDED ENTRY--TOPICAL TERM | |
| Topical Term | Management |
| 942 ## - ADDED ENTRY ELEMENTS (KOHA) | |
| Koha item type | Books |
| Lost status | Damaged status | Permanent Location | Current Location | Shelving location | Date acquired | Full call number | Accession Number | Koha item type |
|---|---|---|---|---|---|---|---|---|
| Central Library, Trident Academy of Technology | Central Library, Trident Academy of Technology | General Stacks | 05/24/2023 | 658.45 FIN | 28107 | Books | ||
| Central Library, Trident Academy of Technology | Central Library, Trident Academy of Technology | General Stacks | 05/24/2023 | 658.45 FIN | 28108 | Books | ||
| Central Library, Trident Academy of Technology | Central Library, Trident Academy of Technology | General Stacks | 05/24/2023 | 658.45 FIN | 28109 | Books | ||
| Central Library, Trident Academy of Technology | Central Library, Trident Academy of Technology | General Stacks | 05/24/2023 | 658.45 FIN | 28110 | Books | ||
| Central Library, Trident Academy of Technology | Central Library, Trident Academy of Technology | General Stacks | 05/24/2023 | 658.45 FIN | 28111 | Books |
